000 00254nam a2200097Ia 4500
001 689293
005 20250826161631.0
008 250824s9999 xx 000 0 und d
245 0 _aSUYU ARAYAN ADAM
_cŞEVKET SÜREYYA AYDEMİR
260 _bREMZİ KİTABEVİ
999 _c689293
_d689293